00682nas a22001937a 450000500170000000600190001700700030003600800410003902200140008024500780009426000450017230000170021731000160023465000150025027001010026594200150036699900170038195200900039820140121110001.0a|||||r|||| 00| 0 ta140121b xxu||||| |||| 00| 0 eng d a2229-4600 aLiterariaban international journal of new literature across of the world aNew Delhi :bBahri Publications, c2012- av.ccm (pbk) aHalf-yearly aLiterature a1749A/5, IstFloor, Gobind Puri Extension, KalkajibDelhie110019k011-65810766mbahrius@vsnl.com 2ddccSRs1 c82017d82017 00102ddc40718NFICaDBADbDBADd2014-01-21l0r2014-01-21 00:00:00w2014-01-21ySR